00424nam a2200145 a 450000500170000000800410001702000150005805000230007310000250009624500670012126000360018830000340022452100080025865000120026620140310183212.0030421s19uu xx 00 eng d a067304324x aRJ 131b.R532 1974 aRichmond, Julius B.  aHealth and growth :cJulius B. Richmond, et. al..bbook five / aU.S.A :bScott Foresman,c1974. a288 p. :bcol. ill. ;c24 cm. aNUR aHealth.